| 000 | 01804cam a22004337i 4500 | ||
|---|---|---|---|
| 001 | 3117 | ||
| 005 | 20240207112441.0 | ||
| 020 | _a9780062294272 (pbk.) | ||
| 020 | _a9780062294272 | ||
| 040 |
_aBTCTA _beng _cBTCTA _erda _dOCO _dOCP _dBIB _dOCLCF _dOPW _dDLC |
||
| 050 | 0 | 0 |
_aPZ7.B76485 _b 2015 |
| 082 | 0 | 4 | _a813.6 |
| 100 | 1 |
_aScotton, Rob _eauthor. |
|
| 245 | 1 | 4 |
_aSplat the cat : the big helper / _ctext by J.E. Bright ; illustrations by Loryn Brantz ; cover art by Rick Farley. |
| 250 | _aFirst Edition. | ||
| 260 |
_aNew York : _bHarperCollins Publishers , _c2015 |
||
| 300 |
_a22 unnumbered pages : _bcolor illustrations ; _c21 cm. |
||
| 490 | 0 | _aSplat the Cat | |
| 500 | _a"Based on the bestselling books by Rob Scotton." | ||
| 500 | _a"Based on the creation of Rob Scotton"--Cover. | ||
| 505 | _aM | ||
| 520 | _a"When Dad decided to create to-do lists for the family, Splat is sure he'll never have fun again, But then he learns how using his imagination can make anything fun!" -- Page [4] of cover. | ||
| 521 | 1 |
_a540
_bLexile |
|
| 521 | 1 |
_aM
_bRaz-Plus |
|
| 650 | 0 |
_aSplat the Cat (Fictitious character) _vJuvenile fiction. |
|
| 650 | 0 |
_aCats _vJuvenile fiction. |
|
| 650 | 0 |
_aImagination _vJuvenile fiction. |
|
| 650 | 0 |
_aHelping behavior _vJuvenile fiction. |
|
| 650 | 7 |
_aCats. _2fast _0(OCoLC)fst00849374 |
|
| 650 | 7 |
_aHelping behavior. _2fast _0(OCoLC)fst00954850 |
|
| 650 | 7 |
_aImagination. _2fast _0(OCoLC)fst00967585 |
|
| 650 | 7 |
_aSplat the Cat (Fictitious character) _2fast _0(OCoLC)fst01895503 |
|
| 655 | 7 |
_aFiction. _2fast _0(OCoLC)fst01423787 |
|
| 655 | 7 |
_aJuvenile works. _2fast _0(OCoLC)fst01411637 |
|
| 700 | 1 |
_aBrantz, Loryn _eillustrator. |
|
| 700 | 1 |
_aScotton, Rob _ecreator. |
|
| 906 |
_a7 _bcbc _ccopycat _d3 _encip _f20 _gy-gencatlg |
||
| 942 |
_2ddc _cBK _n0 |
||
| 999 |
_c3117 _d3117 |
||